Hướng dẫn thực tập kim loại học và nhiệt luyện
Αποθηκεύτηκε σε:
| Κύριος συγγραφέας: | |
|---|---|
| Μορφή: | Βιβλίο |
| Γλώσσα: | Undetermined |
| Έκδοση: |
Hà Nội
Trường Đại Học Nông Nghiệp
1970
|
| Θέματα: | |
| Ετικέτες: |
Προσθήκη ετικέτας
Δεν υπάρχουν, Καταχωρήστε ετικέτα πρώτοι!
|
| Thư viện lưu trữ: | Trung tâm Học liệu Trường Đại học Cần Thơ |
|---|
| LEADER | 00568nam a2200169Ia 4500 | ||
|---|---|---|---|
| 001 | CTU_11705 | ||
| 008 | 210402s9999 xx 000 0 und d | ||
| 082 | |a 669.95 | ||
| 082 | |b H309 | ||
| 100 | |a Nguyễn Văn Hiếu | ||
| 245 | 0 | |a Hướng dẫn thực tập kim loại học và nhiệt luyện | |
| 245 | 0 | |c Nguyễn Văn Hiếu | |
| 260 | |a Hà Nội | ||
| 260 | |b Trường Đại Học Nông Nghiệp | ||
| 260 | |c 1970 | ||
| 650 | |a metals,metals at high temperatures | ||
| 980 | |a Trung tâm Học liệu Trường Đại học Cần Thơ | ||